000 00801nam a2200205Ia 4500
999 _c39917
_d39917
001 6522
003 GE_BSU
005 20191021164749.0
008 181216s1966||||ge |||||||||||||| ||geo||
040 _cGE_BSU
080 _a821.353.1-32 ბ-95
100 _aბუაჩიძე, თენგიზ
_94901
245 _aმოლოდინი :
_bმოთხრობები /
_cთენგიზ ბუაჩიძე ; რედ. ლ. ქადაგიშვილი /
264 _aთბილისი :
_bნაკადული ;
_c1966.
300 _a121 გვ. ;
_c17 სმ.
653 _aმოლოდინი
653 _aმოთხრობები
700 _aქადაგიშვილი, ლ.
_eრედაქტორი
_94300
942 _cBK
_2udc